[Event "Budapest zt 1.4"]
[Site "Budapest"]
[Date "2000.06.17"]
[Round "1"]
[White "Bratanov, Zsivko"]
[Black "Horvath, Csaba"]
[Result "1/2-1/2"]
[WhiteElo "2330"]
[BlackElo "2515"]
[Annotator "Wells,P"]
[PlyCount "42"]
[EventDate "2000.06.17"]
[EventType "swiss"]
[EventRounds "9"]
[EventCountry "HUN"]
[SourceTitle "CBM 078"]
[Source "ChessBase"]
[SourceDate "2000.10.18"]
[SourceVersion "1"]
[SourceVersionDate "2000.10.18"]
[SourceQuality "1"]

1. d4 Nf6 2. c4 e6 3. Nc3 Bb4 4. e3 c5 5. Bd3 Nc6 6. Nge2 cxd4 7. exd4 d5 8.
cxd5 Nxd5 9. O-O O-O 10. Nxd5 $5 Qxd5 {The text is quite popular. However,
while symmetrical structures may not be to everyonebody's taste, I have a
strong feeling ( without I have to admit being a specialist in the variation )
that} (10... exd5 $5 {is much more reliable. After} 11. Nf4 {moreover, both d6
and f6 seem to be acceptable squares for black's dark-squared bishop eg.} Bd6 (
11... Be7 12. Be3 g6 {> 'b'.}) (11... g6 12. Be3 Be7 13. Rc1 Bf6 14. Rc5 Be6 $5
({Better than} 14... Nb4 15. Bb1 b6 16. Rc3 Bb7 17. a3 Nc6 18. Ba2 Ne7 19. Qf3
$14 Nf5 20. Rd1 Re8 21. Bxd5 Bxd5 22. Nxd5 Bxd4 23. Nc7 Nxe3 24. fxe3 Rxe3 25.
Rxd4 Re1+ 26. Kf2 Qxd4+ 27. Kxe1 Rd8 28. Kf1 Qe5 29. Kg1 Rd2 30. h3 Rxb2 31.
Qg3 Qd4+ 32. Kh2 Re2 33. Rd3 {1-0 Georgiev,V-Sulskis,S/Cappelle 1999 (49) and
black's compensation was clearly insufficient.}) 15. Re1 Qd6 16. Nxe6 fxe6 17.
Qg4 Bg7 18. h4 e5 {1-0 Ivanov,J-Cosma,I/Cappelle 1999,} ({or} 18... Nxd4 19.
Bxd4 Rf4 20. Rxe6 Qxc5 21. Qxf4 Qxd4 {look fine for black.})) 12. Be3 (12. Re1
g6 (12... Qf6 $6 13. Nxd5 Qxd4 14. Be3 Qh4 15. g3 Qd8 16. Qc2 h6 17. Rad1 {
with such a cleared centre, a lead in development can be a key factor in the
position. It is instructive how white builds on this edge here.} Bg4 18. Be2
Bxe2 19. Rxe2 Re8 20. Qb3 Qb8 21. Red2 {[%csl Rb7,Rf7][%cal Yd2d7]} Re6 22. Nf4
Rf6 23. Nh5 Rg6 24. f4 Ne7 25. Qb5 Re6 26. Bd4 $16 {1-0 Chiburdanidze,M-Hansen,
S/Lippstadt 1997/CBM 59 ext (45)}) 13. Bc2 Nb4 14. Bb1 Qf6 15. g3 (15. a3 Bxf4
16. Bxf4 Qxf4 17. axb4 Bg4 18. f3 Be6 19. g3 Qd6 20. Qd2 Rfc8 21. Bd3 Qb6 $11 {
1/2-1/2 Lerner,K-Razuvaev,Y/Moscow 1986/MCL (41)}) 15... Be6 16. Be3 Nc6 17.
Nxe6 fxe6 {[%csl Gd5,Ge6] One of the main reasons for my fundamental belief in
the good health of black's position in this line is that the pawn structure
resembles that reached in some lines of the Tarrasch French, only in a fairly
pleasant version. While it might be argued that e6 is weaker without black's
'bad bishop', so might the d4 pawn miss the support of white's king's knight.}
18. a3 Bc7 19. Qd3 Bb6 20. Rd1 Ne7 21. Bf4 Nc6 22. Be3 Ne7 23. Bf4 Nc6 {
[%cal Gc6d4,Gc6e5] 1/2-1/2 Georgiev,V-Stohl,I/Germany 1999/GER-chT (23)} (23...
Nf5 {[%cal Gf5d4]} 24. Be5 $13 {[%csl Ye5]})) 12... g6 13. Rc1 Ne7 14. Qf3 Be6
15. Rc3 Qd7 16. Nh5 $4 {I happened to be standing by the board when white
uncorked this striking miscalculation. For a moment I too thought Lev might be
in trouble, but the confident expression on his face suggested otherwise...} (
16. h3 $5) 16... gxh5 17. Qf6 Qd8 $1 $19 {[%csl Gg7][%cal Ge7f5] and now all
became clear. The joys of live chess!} 18. Bxh7+ Kxh7 19. Qh6+ Kg8 20. Bg5 Nf5
21. Qxh5 Ng7 22. Qh6 Nf5 23. Qh5 Ng7 24. Qh6 f6 25. Bh4 Rf7 26. Re1 Nf5 $19 {
0-1 Georgiev,V-Psakhis,L/Eu Team Ch, Batumi GEO 1999 (31)}) 11. a3 Ba5 $5 $146
{[%cal Ga5b6][%mdl 8] The bishop is headed for b6, although looking at the
examples to come with ...Bd6 and ..Be7, we might conclude that the priority is
not so much to pressure the d-pawn as to prevent a major piece entry on c7. 
Intuitively, we might expect its presence to be missed on the king-side.} (
11... Bd6 $6 12. Nc3 $1 {Of course. Black's idea lacks coherence if the queen
is denied access to h5.} ({rather than} 12. Be3 $6 Qh5 13. g3 e5 14. Be4 Bh3
15. Bg2 Rad8 $15 {0-1 Medic,M-Stocek,J/Pula 2000/ which permits black to fully
execute his plan}) {The only tactical point required is that} 12... Qxd4 $2 {
fails to} 13. Nb5 $1 $16 {[%csl Rd6][%cal Yd3h7]}) (11... Be7 12. Be3 g6 (12...
Qh5 13. Nc3 Qxd1 14. Rfxd1 Bf6 15. Be4 Bd7 16. Rab1 $1 $32 {[%cal Yd4d5]} Rfd8
17. d5 Na5 18. dxe6 Bxe6 19. Nd5 Bxd5 20. Bxd5 $14 {[%csl Yd5]} Rd7 21. b4 Rad8
22. Bxf7+ Kxf7 23. Rxd7+ Rxd7 24. bxa5 a6 25. g3 $14 {1-0 Chiburdanidze,
M-Bojkovic,N/Belgrade 1998/CBM 63 ext (46)}) 13. Qc2 Bf6 14. Rfd1 $1 {In
general white seems to have a sufficient lead in development that black is
vulnerable to the kind of central break which we have already seen in the
Chiburdanidze game cited above. However, a certain precision is required in
how to go about showing it. The text is the best way to begin, since black's
queen is pretty well forced back to d8.} ({By contrast} 14. Be4 Qd7 $1 15. Rfd1
Ne7 16. Nc3 Nd5 17. Bxd5 exd5 18. Qb3 Rd8 19. Bf4 b6 20. Be5 Bxe5 21. dxe5 Qf5
$1 {was less effective. White has to be constantly on guard against
counterplay on the light squares.} 22. Re1 Be6 23. Nb5 Qg5 24. Nd6 Rd7 25. Rac1
Rf8 26. Rc2 f6 27. Qc3 d4 28. Qxd4 fxe5 29. Qb4 a5 30. Ne4 Qxg2+ 31. Kxg2 axb4
32. axb4 Rd4 $15 {0-1 Georgiev,V-San Segundo,P/Elgoibar 1999/CBM 75 (53)})
14... Ne7 15. Nc3 Qd8 (15... Qd7 16. Bb5 Qc7 17. Rac1 $16) 16. Be4 Bg7 17. d5
Nxd5 18. Nxd5 exd5 19. Rxd5 Qe8 20. Rd2 $32 {[%csl Ye3,Ye4][%cal Gd1d8,Gc1c7]}
Be6 21. Qc7 Qb5 22. Rb1 Bf5 23. Bxf5 Qxf5 24. Rbd1 b6 25. b4 $14 {1-0 Georgiev,
V-Hall,J/Germany 1999/GER-chT (39)}) 12. Be3 Rd8 13. Qc2 h6 14. Rfd1 {Natural
enough, but if white wants to execute the plan in the game, this might
contribute less than the reply ...Ne7 which us clearly a key for the defence.}
({Maybe therefore} 14. Bh7+ $5 Kh8 15. Be4 Qd7 $1 {This seems to be just about
always the right square.} (15... Qd6 {simply gives white a tempo to improve
his bishop's prospects of joining the attack by} 16. Rac1 Ne7 17. Bf4 $1 Qd7
18. Qc5 Bb6 19. Qh5 Ng8 20. Be5 $1 $36) 16. Qc5 Bb6 17. Qh5 $36) 14... Ne7 15.
Bh7+ Kh8 16. Be4 Qd7 17. Qc5 (17. Nf4 Nd5 $5 18. Nxd5 exd5 19. Bf3 Qf5 $11)
17... Bb6 18. Qh5 Qe8 {[%csl Ge8,Gh5][%cal Gf7f5,Ge8h5,Gh5e8]} (18... Ng8 $6
19. Bg5 Qb5 (19... Re8 $5 $14) 20. d5 $1 g6 $140 21. Qh4 Qxe2 22. Bxd8 Bxd8 23.
Qxd8 Qxe4 24. Rac1 $16) 19. Nc3 $5 (19. Qe5 $6 Nf5 (19... Nd5 $5 20. Bxh6 f6
21. Bxg7+ Kxg7 22. Qg3+ Kf8 $15)) (19. Bxh6 $5 {still looks quite dangerous} f5
20. Qh4 gxh6 (20... Ng6 21. Qh3 gxh6 22. Qxh6+ Kg8 23. Rd3 Bc7 24. f4 Rd7 25.
Rg3 $40) 21. Qxh6+ Kg8 22. Rd3 Qf8 23. Rg3+ Kf7 {and I don't see more than a
draw, although black would need good nerves to do this} 24. Qh5+ Kf6 25. Qh4+
Kf7 26. Bf3 $140 Qh8 $1) 19... Ng8 20. Qh4 Qe7 21. Qxe7 Nxe7 (21... Nxe7 22.
Rac1 Nd5 23. Na4 $5 $14) 1/2-1/2

[Event "Rostock-A 15th"]
[Site "Rostock"]
[Date "1989.??.??"]
[Round "6"]
[White "Lerner, Konstantin Z"]
[Black "Womacka, Mathias"]
[Result "1/2-1/2"]
[WhiteElo "2530"]
[BlackElo "2395"]
[Annotator "Womacka,M"]
[PlyCount "128"]
[EventDate "1989.08.19"]
[EventType "tourn"]
[EventRounds "9"]
[EventCountry "DDR"]
[EventCategory "6"]
[SourceTitle "EXT 2002"]
[Source "ChessBase"]
[SourceDate "2001.11.25"]
[SourceVersion "1"]
[SourceVersionDate "2001.11.25"]
[SourceQuality "1"]

1. d4 Nf6 2. c4 e6 3. Nc3 Bb4 4. e3 c5 5. Bd3 Nc6 6. Nge2 cxd4 7. exd4 d5 8.
cxd5 Nxd5 9. O-O O-O 10. Qc2 {Häufiger geschieht} (10. a3 {oder}) (10. Bc2)
10... h6 11. a3 (11. Rd1 {nebst 12.Be4 sieht logischer aus}) 11... Bd6 12. Ne4
Bc7 13. Rd1 Nce7 14. N2g3 Bd7 {Schwarz hat problemlos ausgeglichen.} 15. Qe2
Ng6 16. Nh5 Ba4 $1 {Dieses Vertreiben des Turmes von der d-Linie ermöglicht
den Vorstoß e5.} (16... Ndf4 $2 17. Bxf4 Nxf4 18. Nef6+ Kh8 19. Qe4 Ng6 20.
Nxd7 Qxd7 21. Qg4) 17. Re1 Bc6 18. g3 $6 {Der GM legt die Partie natürlich auf
Sieg an. Vernünftiger als der schwächende Textzug wäre aber} (18. Nc3 Ndf4 19.
Nxf4 Nxf4 20. Bxf4 Bxf4 21. Rad1 {nebst Be4 gewesen, wonach Weiß die Partie im
Gleichgewicht halten kann.}) 18... e5 {Logische Reaktion} 19. Bc4 f5 $1 {
Aber ja nicht} (19... exd4 $4 20. Bxd5 Bxd5 21. Bxh6 $1 gxh6 (21... Bxe4 22.
Bxg7) 22. Nef6+ Kh8 23. Qd2) 20. Nc3 Kh7 21. Qd2 $5 f4 $1 {Klärt die Stellung
zugunsten von Schwarz. Es drohte 22.Nxg7} (21... Nxc3 22. Nxg7 Nf4 $5 23. Ne6
$1 {wäre vorteilhaft für Weiß}) 22. Bxd5 Bxd5 23. dxe5 Bc6 24. Qxd8 Raxd8 25.
gxf4 {Oder} (25. Nxf4 Nxe5) (25. Bxf4 Rf5 (25... Bf3 $2 26. e6) 26. e6 Bb6)
25... Bf3 $6 {Bei beiden Spielern wurde die Zeit bereits knapp, deshalb wählte
ich den übersichtlichen Weg, beide Bauern zurückzugewinnen und die bessere
Stellung zu behalten. Tatsächlich wäre aber} (25... Nh4 $1 {stärker gewesen,
wonach Weiß aufgrund der Schwächen der weißen Felder und des
Entwicklungsrückstandes nicht mehr in der Lage gewesen wäre, sich zu
verteidigen} 26. Re3 (26. Rd1 Rxd1+ 27. Nxd1 Bf3) (26. Kf1 Bg2+) 26... Nf3+ 27.
Kf1 Bb6 28. Re2 Nxh2+ 29. Kg1 Nf3+ 30. Kf1 Nd4 31. Rd2 Rf5 32. Ng3 Rxf4 {
mit Gewinnstellung für Schwarz.}) 26. Ng3 Nxf4 27. Bxf4 Rxf4 28. e6 Re8 29.
Nce4 Re7 30. Rac1 Bb6 31. Rc2 Rg4 32. Kf1 Rg6 33. Rc3 Bxe4 34. Rxe4 Rgxe6 35.
Rxe6 Rxe6 36. f3 Rd6 37. Ke2 Rd7 38. Ne4 Kg6 39. Rc8 Rc7 40. Rxc7 Bxc7 {
Nach beiderseits ungenau behandelter Zeitnotphase ist nun ein Endspiel
entstanden, in dem der Läufer dem Springer klar überlegen ist.} 41. h3 Kf5 42.
a4 a5 43. Nc5 b6 44. Nd3 Ke6 45. Ke3 Kd5 46. b3 Bh2 $2 {Hier übersah ich
völlig die weiße Verteidigungsidee.} (46... Bg3 {und erst auf einen Wegzug des
Springers hätte Bh2 gewonnen.}) 47. Ne1 $1 Bg1+ 48. Kd3 Bf2 49. Ng2 g5 50. Ke2
Bg1 51. Kd3 Bf2 {Erneut war ich in Zeitnot und wollte mich erst einmal über
den 60.Zug retten.} 52. Ke2 Bg1 53. Kd3 Bc5 54. Ne1 Bf2 55. Ng2 Bc5 56. Ne1 Bf2
57. Ng2 Kc5 58. Kc3 h5 59. Kd3 Kd5 {Ermöglicht sofort eine Remisabwicklung.
Aber auch} (59... Kb4 {gewinnt nicht mehr} 60. Kc2 Ka3 61. Kc3 Ka2 62. Kc2 h4
63. Kc3 Kb1 64. f4 g4 65. Nxh4) 60. f4 g4 61. hxg4 hxg4 62. Ne3+ Bxe3 63. Kxe3
Ke6 64. Kf2 Kf6 {2:58-2:59} 1/2-1/2

[Event "Norway Chess 5th"]
[Site "Stavanger"]
[Date "2017.06.15"]
[Round "8"]
[White "Carlsen, Magnus"]
[Black "Karjakin, Sergey"]
[Result "1-0"]
[WhiteElo "2832"]
[BlackElo "2781"]
[Annotator "Yermolinsky,A"]
[PlyCount "87"]
[EventDate "2017.06.06"]
[EventType "tourn"]
[EventRounds "9"]
[EventCountry "NOR"]
[EventCategory "22"]
[SourceTitle "CBM 179"]
[Source "ChessBase"]
[SourceDate "2017.07.12"]
[SourceVersion "1"]
[SourceVersionDate "2017.07.12"]
[SourceQuality "1"]

1. d4 Nf6 2. c4 e6 3. Nc3 Bb4 4. e3 O-O 5. Bd3 d5 6. cxd5 exd5 7. Nge2 {
A modest system, but not without venom. White plans a classic Botvinnik Pawn
Roller, made famous by his win over Capablanca, AVRO 1938.} Re8 8. Bd2 Bf8 {
The most solid choice.} ({Unlike in similar lines of the QGD, where the white
bishop goes to g5, here White's K-side seems a bit vulnerable, so} 8... Bd6 {
has been tried on numerous occasions.} 9. O-O c6 10. Rc1 {Khismatullin-Anand,
World Rapid 2015.} {Vishy chose} Ng4 $5 ({The tempting} 10... Bxh2+ {doesn't
quite work here:} 11. Kxh2 Ng4+ 12. Kg3 $1 Qd6+ 13. f4 ({White can also
contemplate} 13. Nf4 $5 g5 14. Rh1 f5 15. f3 $1 Nxe3 16. Bxe3 Rxe3 17. Ncxd5 $1
gxf4+ 18. Nxf4 {where he will soon get his turn to take potshots at the enemy
king.}) 13... Rxe3+ 14. Bxe3 Nxe3 15. Qd2 $18) 11. h3 $2 (11. g3 {is normal})
11... Nh2 12. Re1 Nf3+ 13. gxf3 Qg5+ 14. Kh1 {and should have won the game,
but for some reason he rejected the obvious} Bxh3 ({The game went} 14... Qh4
15. Nf4 Bxh3 16. Ng2 Qxf2 17. Bf1 Re6 18. e4 Qg3 $2 19. e5 Bxg2+ 20. Bxg2 Qh4+
21. Kg1 Qxd4+ 22. Be3 {and White eventually won})) 9. O-O b6 (9... c6 10. Rc1
a5 11. f3 b5 $5 12. Ng3 Ba6 13. Nce2 b4 14. Bxa6 Rxa6 {Jobava-Mareco, World
Rapid 2016, Two of my favourite players slugging it out!}) 10. Rc1 c5 11. Nf4
Bb7 (11... Ba6 {appears a bit risky because of the d5-pawn coming under
assault after} 12. dxc5 Bxd3 13. Nxd3 bxc5 14. Na4 c4 15. Nf4 Nc6 16. Bc3 {
but, perhaps, Black can just give it away:} d4 17. exd4 Rc8 18. d5 Nb4 $44) 12.
Qf3 Na6 {Dull, standard play.} ({Ivan Saric tried to uphold Black's colors 
(Jolly Roger?) a couple of times. One of his efforts saw} 12... Nc6 $5 13.
Ncxd5 Nxd5 14. Nxd5 Ne5 15. dxe5 Qxd5 16. Qxd5 Bxd5 17. Bc3 Bxa2 {
Martinovic-Saric, 2017. Black doesn't look to be worse at all.}) ({I like} 
12... Bc6 $5 {There's no white knight anywhere near e5, and Black is planning
to follow up c5-c4 with b6-b5!}) 13. Rfd1 cxd4 {True to his newfound identity
of "MInister of Defence" Sergey dutifully accepts a slightly worse position.} (
{Truth be told,} 13... Nc7 $6 14. dxc5 $1 bxc5 15. Na4 Ne4 16. Ba5 Qe7 17. b4
$1 {would have been a much worse outcome.}) 14. exd4 Nc7 15. Bc2 Bd6 16. Be3
Ne4 $1 17. Ba4 Re7 18. Bb3 Qd7 19. h3 Nxc3 20. bxc3 $5 {Magnus is desperate to
unbalance the position. Actually, the resulting pawn structure is not that bad:
with d4 defended White can concentrate on the d5-pawn.} (20. Rxc3 Rae8 21. Rdc1
g6 {doesn't lead White anywhere.}) 20... Bc6 21. Nh5 Re6 22. Bc2 $2 {Oh,
Magnus...} ({First} 22. Re1 $1 {then Bc2 to keep that bishop alive!}) 22... Ba4
$1 {Being Magnus at this moment in time: no wins to his credit, no chance to
contend for first place, the media demanding explanations, the chess internet
swirling with rumours, the damned glasses make his head ache... He just had to
do something about it.} 23. c4 $5 dxc4 24. d5 Rg6 $1 {So far Sergey is showing
himself up to the task.} 25. Bd4 (25. Bxg6 fxg6 26. Ng3 Bxd1 27. Rxd1 Qf7 $17)
({Objectively best was} 25. Bxa4 Qxa4 26. Nf4 Rf6 27. Qg4) 25... Bxc2 26. Rxc2
Qa4 27. Rcc1 Qxa2 $2 {I love the concrete approach to positions, but every
once in a while we should think like Petrosian.} ({The natural defensive move} 
27... Ne8 $1 {would leave Carlsen staring at the dreadful possibility of a
third defeat in this tournament and the loss of the Number One position in the
Live Ratings list for the first time since 2011.}) 28. Nxg7 $1 Rxg7 29. Bxg7
Kxg7 30. Qg4+ Kf8 31. Qh4 Qb2 32. Rxc4 $2 {In looming time trouble Magnus lets
the black king escape.} (32. Qh6+ Ke7 33. Rxc4 Qe5 34. Kf1 {White's intiative
should net him more pawns, such as is the case in} Kd7 35. Qxh7 Re8 36. Qxf7+
Kd8 37. Qf3 Qh2 38. g4 {although he's hardly better here.}) 32... Ne8 $2 ({
The position after the obvious} 32... Kg7 33. g3 Kh8 {favours Black}) 33. Re1
Qf6 34. Qxh7 Qg7 35. Qc2 Qf6 36. Rg4 Bc5 37. Re2 Qh6 38. g3 Nf6 39. Rh4 Qg7 40.
Kg2 Qg5 $6 ({If only Sergey had another minute to calculate} 40... Nxd5 {
as completely safe he would have never lost this game.} 41. Qf5 Rd8 42. Re6 a5
43. Reh6 Bd4 {etc.}) 41. Qc3 Bd6 $2 {This howler was a product of a 25 minute
think.} ({Still,} 41... Qg7 $11) 42. Rh8+ Ng8 43. Re4 Qg7 44. Rxg8+ $1 (44.
Rxg8+ Qxg8 45. Qf6 Bc5 46. Rg4 Qh7 47. d6 $18) 1-0

[Event "WchT 12th"]
[Site "Astana"]
[Date "2019.03.14"]
[Round "9.10"]
[White "Yu, Yangyi"]
[Black "Ismagambetov, Anuar"]
[Result "1-0"]
[WhiteElo "2761"]
[BlackElo "2545"]
[Annotator "Yu,Yangyi"]
[PlyCount "67"]
[EventDate "2019.03.05"]
[EventType "team-tourn"]
[EventRounds "9"]
[EventCountry "KAZ"]
[SourceTitle "CBM 189"]
[Source "ChessBase"]
[SourceDate "2019.04.29"]
[SourceVersion "1"]
[SourceVersionDate "2019.04.29"]
[SourceQuality "1"]
[WhiteTeam "China"]
[BlackTeam "Kazakhstan"]
[WhiteTeamCountry "CHN"]
[BlackTeamCountry "KAZ"]

{[%evp 0,67,16,28,27,-16,-9,4,4,21,25,18,34,26,17,9,49,-6,7,-44,-12,-30,1,-22,
-15,-15,-25,-24,7,2,4,7,120,164,175,195,174,156,155,158,214,210,226,212,218,
173,160,165,203,129,157,137,202,190,198,185,209,188,190,203,181,203,295,320,
325,325,354,364,519,545]} {This was the last round, featuring China's match
against Kazakhstan. In this competition, me and my teammates played very badly.
We all want to do our best to get better results, so everyone will not relax
and continue to fight.} 1. d4 Nf6 2. c4 e6 3. Nc3 Bb4 4. e3 O-O 5. Bd3 c5 6.
Nge2 d5 7. a3 cxd4 8. axb4 dxc3 9. Nxc3 Nc6 (9... dxc4 10. Bxc4 Qxd1+ 11. Kxd1
Nc6 12. b5 $14) 10. b5 Ne5 11. c5 Nxd3+ (11... Bd7 12. Be2) 12. Qxd3 e5 $6 {
My opponent made a mistake here. I think better is Bd7.} (12... Bd7 $1 13. f3
$13 (13. O-O Ne4 14. Nxe4 dxe4 15. Qc4 Qe8 $11)) 13. O-O Bg4 $6 {In my opinion
preferable was ...Be6 because f3 will be useful for White.} (13... Be6 14. Rd1
$14) 14. f3 Bh5 {The bishop should still go to e6 to support the centre.} (
14... e4 15. Qd4 exf3 16. gxf3 Bh3 17. Rf2 Re8 18. Bd2 $16) (14... Be6 $5 15.
Rd1 $14) 15. e4 Qc8 $2 {Here my opponent should definitely have changed,
because in the game the h5-bishop will be very bad.} (15... dxe4 16. Qxd8 Rfxd8
17. fxe4 Rd3 (17... Rd4 18. Be3 Rc4 19. Nd5 $18 Nxe4 20. Nb6) 18. Bg5 (18. Re1
$5) 18... Ne8 19. Bh4 f6 20. Bf2 $14) (15... d4 16. Ne2 Nd7 17. b4 f6 (17...
Qc8 18. Ng3 Bg6 19. f4 f6 20. Nf5 $18) 18. Ng3 Bf7 (18... Bg6 19. Bd2 $18) 19.
Nf5 $18) 16. Nxd5 Qxc5+ 17. Be3 Qd6 18. Nxf6+ Qxf6 19. Qd7 $18 {Black has a
very difficult position. The rest is not hard for White.} Qd8 20. Qxb7 Rb8 21.
Qxa7 Rxb5 22. b4 Qb8 23. Bc5 Rd8 24. Qxb8 Rbxb8 25. Rfb1 f6 (25... Rb5 26. Ra5
Rdb8 27. Rba1 $18) 26. b5 Be8 27. b6 Rd7 28. Rc1 Kf7 29. Ra7 Ke6 30. Be3 Rdb7
31. Rc7 Rxc7 32. Rxc7 Bd7 33. Bc5 h5 (33... Rc8 34. b7 Rxc7 35. b8=Q Rxc5 36.
Qg8+ $18) 34. b7 {Finally, I was happy that me and my teammates won the third
place after all.} 1-0